| Tag |
First Indicator |
Second Indicator |
Subfields |
| LEADER |
00000cam a2200000 a 4500 |
| 001 |
in00000024625 |
| 005 |
20160115090352.0 |
| 008 |
870807c19881987nyu b 00110 eng |
| 010 |
|
|
|a 87023182
|
| 020 |
|
|
|a 0453005624
|
| 035 |
|
|
|a (OCoLC)16649112
|
| 035 |
|
|
|9 AAB4767AM
|
| 040 |
|
|
|a DLC
|c DLC
|d TXA
|d UtOrBLW
|
| 049 |
|
|
|a TXAM
|c [A11522567]
|
| 050 |
0 |
0 |
|a HD58.7
|b .K475 1988
|
| 082 |
0 |
|
|a 158.7
|2 19
|
| 100 |
1 |
|
|a Kets de Vries, Manfred F. R.
|
| 245 |
1 |
0 |
|a Unstable at the top :
|b inside the troubled organization /
|c Manfred F.R. Kets de Vries and Danny Miller.
|
| 264 |
|
1 |
|a New York :
|b New American Library,
|c 1988
|
| 264 |
|
4 |
|c ©1987
|
| 300 |
|
|
|a xiv, 221 pages ;
|c 23 cm.
|
| 336 |
|
|
|a text
|b txt
|2 rdacontent
|
| 337 |
|
|
|a unmediated
|b n
|2 rdamedia
|
| 338 |
|
|
|a volume
|b nc
|2 rdacarrier
|
| 500 |
|
|
|a "NAL books."
|
| 504 |
|
|
|a Bibliography: pages 201-209.
|
| 500 |
|
|
|a Includes index.
|
| 650 |
|
0 |
|a Organizational behavior.
|
| 650 |
|
0 |
|a Industrial organization.
|
| 700 |
1 |
|
|a Miller, Danny,
|d 1947-
|
| 999 |
|
|
|a MARS
|
| 999 |
f |
f |
|s ea4702f6-3b3b-34c2-a652-81aa6caa6dd5
|i ba0e0662-aa84-33c0-b2c6-c754a3acad51
|t 0
|
| 952 |
f |
f |
|p ric
|a Texas A&M University
|b Rellis Campus
|c Joint Library Facility
|d Remote Storage
|t 0
|e HD58.7 .K475 1988
|h Library of Congress classification
|i unmediated -- volume
|m A14811522567
|
| 998 |
f |
f |
|a HD58.7 .K475 1988
|t 0
|l Remote Storage
|